000 00663nam a2200241Ia 4500
003 OSt
005 20221005083816.0
006 a|||||r|||| 00| 0
007 ta
008 221004b |||||||| |||| 00| 0 eng d
024 _a59019
037 _cTextual
040 _aCRL
_cCRL
_beng
041 _2eng
_aeng
082 _aV2:25xM69, N4
100 _aGandhi Arun Ed.
_924552
245 0 _aWorld without violence
_b Can Gandhi's vision became reality?
260 _aNew Delhi
_bWiley Eastern India
_c1994
300 _a347p.
_ccm.
650 _aHISTORY
942 _hV2:25xM69, N4
_cTEXL
_2cc
999 _c991583
_d991583